Countries With The Most Iranian Diaspora - Statistics

General Stats
  • This quiz has been taken 114 times
  • The average score is 10 of 15
Answer Stats
People Of Iranian Ancestry Country % Correct
448,000 United States
99%
210,405 Canada
92%
237,000 Germany
91%
7,444 Italy
80%
36,128 Australia
79%
12,344 Spain
74%
450,000 United Arab Emirates
69%
92,428 Sweden
64%
10,000 Pakistan
60%
17,913 Norway
57%
8,427 Finland
54%
20,397 Denmark
52%
135,000 Israel
52%
18,500 Austria
48%
339,000 Portugal
37%
No matching quizzes found
Score Distribution
Percent of People with Each Score
Percentile by Number Answered
Your Score History
You have not taken this quiz